Statistics for All Måneskin Songs

Click here to take the quiz!

General Stats

  • This quiz has been taken 17 times
  • The average score is 29 of 49

Answer Stats

AlbumsAnswers% Correct
RUSH! (ARE YOU COMING?)
HONEY (ARE U COMING?)
85%
I WANNA BE YOUR SLAVE
85%
Teatro d'ira - Vol. 1ZITTI E BUONI
85%
Beggin'
77%
ChosenChosen
77%
CORALINE
77%
GOSSIP
77%
IL DONO DELLA VITA
77%
MAMMAMIA
77%
MARK CHAPMAN
77%
TIMEZONE
77%
VALENTINE
77%
VENT'ANNI
77%
BABY SAID
69%
BLA BLA BLA
69%
GASOLINE
69%
LA PAURA DEL BUIO
69%
LIVIDI SUI GOMITI
69%
THE LONELIEST
69%
FEEL
62%
FOR YOUR LOVE
62%
L'altra dimensione
62%
OFF MY FACE
62%
OWN MY MIND
62%
SUPERMODEL
62%
THE DRIVER
62%
IF NOT FOR YOU
54%
Immortale
54%
KOOL KIDS
54%
Il ballo della vitaNew Song
54%
READ YOUR DIARY
54%
Sh*t Blvd
54%
TRASTEVERE
54%
Are You Ready?
46%
Close to the Top
46%
DON'T WANNA SLEEP
46%
IN NOME DEL PADRE
46%
Morirò da Re
46%
Recovery
46%
Somebody Told Me
46%
Torna a casa
46%
You Need Me, I Don't Need You
46%
LA FINE
38%
Lasciami stare
38%
Le parole lontane
38%
Let's Get It Started
38%
Vengo dalla luna
38%
Niente da dire
31%
SinglesIf I Can Dream
23%

Score Distribution

Percentile by Number Answered

Percent of People with Each Score

Your Score History

You have not taken this quiz